000 01461nab a22002417a 4500
999 _c6447
_d6447
003 OSt
005 20260204104406.0
008 190429b xxu||||| |||| 00| 0 spa d
040 _cPJ
100 _aArias, Florencia Carla
_97072
245 1 0 _aCompensación por pena ilícita /
_cFlorencia Carla Arias, Georgina Daiana Losco
260 _cCiudad Autónoma de Buenos Aires :
_aThomson Reuters La Ley,
_b2024.
300 _ap. 3-15
500 _aCita Online: AR/DOC/154/2024.
505 _aSumario: I. Situaciones que podrían configurar penas ilícitas en contextos de encierro.— II. Posibles soluciones.— III. Casos de la Corte Interamericana de Derechos Humanos.— IV. Jurisprudencia de la Corte Suprema de Justicia de la Nación sobre responsabilidad del estado por hechos ocurridos en contextos de encierro.— V. Cámara Nacional de Casación en lo Criminal y Correccional.— VI. Juzgado de Ejecución Penal.— VII. Tribunal Oral en lo Criminal y Correccional de Capital Federal.— VIII. Consideraciones finales.
505 _tSi te interesa el texto completo, solicitalo a koha@justierradelfuego.gov.ar
650 0 _9343
_aDERECHO PENAL
650 0 _92208
_aPENA PRIVATIVA DE LA LIBERTAD
650 0 _9193
_aPENA
700 _97073
_aLosco, Georgina Daiana
773 0 _02658
_93164
_tRevista de derecho penal y criminología. Nº 2 - Marzo 2024
_dCiudad Autónoma de Buenos Aires : Thomson Reuters La Ley, 2017-
_x00347914
942 _2udc
_cANA